| 000 | 00357nam a22001217a 4500 | ||
|---|---|---|---|
| 082 |
_a297.124 _bBAQ _cL-31,P-181 |
||
| 100 |
_aBaqi, Muhammad Fawad Abdul _951043 |
||
| 245 | _aمفتاح کنوز السنه | ||
| 260 |
_aLahore, _bSohail Academy Lahore, _c2000. |
||
| 300 | _adifferent pages. | ||
| 526 |
_a0 _b0 _c0 _d297_124000000000000_BAQ |
||
| 942 |
_2ddc _cBK |
||
| 999 |
_c553784 _d553784 |
||